000 00887nam a2200205Ia 4500
003 OSt
005 20200723135118.0
008 191128s1989 ck fr 000 0 spa d
040 _aCO-JMCR
_cCO-JMCR
041 0 _aspa
082 0 4 _a338.9861 /
_bF146t
_223
100 1 _aFadul Chalela, Miguel,
_eautor
_97675
245 1 0 _aTemas económicos colombianos /
_cMiguel Fadul Chalela
260 _aBogotá :
_bTalleres Gráficos de Montoya & Araújo,
_c1989
300 _a111 páginas ;
_c23 cm.
505 0 _aLa misión Chenery -- La inflación y los gastos públicos -- Urrá y la costa -- Amnistía tributaria y nuevas líneas de crédito -- La reforma tributaria que crearía fuentes de trabajo -- Diferentes estrategias para creación de empleo
650 1 4 _aHistoria económica
_xensayos, conferencias, etc.
_97676
650 1 4 _aPolítica económica
_zColombia
_96845
942 _2ddc
_cBK
999 _c5564
_d5564